000 00536nam a2200217Ia 4500
003 OSt
005 20220918203831.0
006 a|||||r|||| 00| 0
007 ta
008 220917b |||||||| |||| 00| 0 eng d
024 _a109,965
037 _cTextual
040 _aARTS
_cARTS
_beng
041 _2eng
_aeng
082 _aV41:1:N7, K8.1,1-,2-.2 (TTV)
245 0 _aChina in crisis
260 _c1968
650 _aHISTORY
942 _hV41:1:N7, K8.1,1-,2-.2 (TTV)
_cTEXL
_2CC
999 _c233315
_d233315